LEADER 01346nam a2200277 a 4500 001 000000155568 003 CaOOAMICUS 005 20161027122705.0 008 161027s1978 it u000 u eng r 032 $aLibriCat 040 $aPUL$bita 100 1 $aFinegan, Peter,$cO.P.$0(OLS)http://pul/name/99068 245 14$aThe necessary act of salvific faith :$bfunction of the magisterium /$cPeter Finegan, O.P. 260 $aRoma :$bPontificia Università S. Tommaso d'Aquino,$c1978. 300 $aVIII, 243 p. ;$c24 cm. 500 $aIn testa al front.: Pontificia Studiorum Universitas a S. Thoma Aq. in Urbe. 502 $aTesi -- Pontificiam Universitatem S. Thomae de Urbe, Facultate S. Theologiae, 1978. 504 $aBibliografia in nota. 650 4$aFede$xTeologia.$0(OLS)http://pul/subject/40413 710 2 $aPontificia Università S. Tommaso.$bFacoltà di teologia.$kTesi.$0(OLS)http://pul/name/81834 850 $aPUL 852 $aPUL$W1$xDP1 Tesi Pon. Univ. S. Tommaso$y44$mTH S.THOM TH593$j178723$qTesi$B181889$CPULBib$Z2$F181889 $H45295 $81 941 1 $a16 996 $6245$aThe necessary act of salvific faith :$bfunction of the magisterium$9(OLS)http://pul/title/195228 996 $6260$aRoma :$bPontificia Università S. Tommaso d'Aquino$9(OLS)http://pul/publisher/74417 LEADER 01060nam a2200217 u 4500 001 000000110125 003 CaOOAMICUS 005 20080227115307.0 008 080227s1929 fr u000 u fre u 040 $aPUL$bita$dLDB 100 1 $aValdour, Jacques.$0(OLS)http://pul/name/67475 245 10$aLibéraux, socialistes catholiques sociaux :$bétude historique et critique sur les principales méthodes de la science sociale au XIXe siècle /$cpar Jacques Valdour. 260 $aParis :$bRousseau,$c1929. 300 $a368 p. ;$c23 cm. 504 $aInclude riferimenti bibliografici. 650 14$aSociologia$xMetodologia.$0(OLS)http://pul/subject/16125 850 $aPUL 852 $aPUL$W1$xDP1 Cons. Gen., Altre Classi 1$y22$m843 B 12$j126128$qStampati$B124856$CPULBib$Z2$F124856 $82 941 1 $a8 996 $6245$aLibéraux, socialistes catholiques sociaux :$bétude historique et critique sur les principales méthodes de la science sociale au XIXe siècle$9(OLS)http://pul/title/138469 996 $6260$aParis :$bRousseau$9(OLS)http://pul/publisher/62622